zpět

Detail výsledku týmu

Hoffmanův dvůr - Vinoř, Praha

Datum a čas kvízu

26 Celkem bodů Celkový počet nahraných bodů na tomto kvízu bez doplňovacích otázek.
5. Pořadí na kvízu Konečné umístění týmu na tomto kvízu.

Zaznamenané odpovědi

# Otázka Odpověď Body Výsledky
1. Ve kterém středočeském městě s... v Berouně 0
2. Jak se jmenovala ponorka, kter... Titan 1
3. Televize Nova minulý týden ozn... Big Brother 1
4. Estonský start-up Bolt, který... rozvoz jídel pomocí robotů (samořidících vozítek) 1
5. Čeští reprezentanti Jan Veselý... Barcelona, 20. titul 1
6. Toto sladké téma otevřeme hist... pivo 0
7. Včely nám odpradávna poskytují... mateří kašička 1
8. Med vyrábějí včely, případně j... medovicový 1
9. Po mnohá staletí se med z plás... medomet 1
10. Kde je med, ví nejlépe medvěd.... 1 C, 2 D, 3 B, 4 A 0